1896 1068 1635 1014 1610 1777 1232 1666 1407 1891 1629 1034 1640 1053 1683 1242 1691 1276 1893 1760 1153 1967 1717 1960 1548 1896 1556 1356 1166 2000 1707 1427 1552 1724 1994 1949 1019 1532 1547 1860 1342 1271 1685 1093 1036 1701 1335 1141 1832 1332 1349 1973 1195 1103 1996 1837 1718 1236 1736 1254 1423 1516 1084 1645 1523 1741 1256 1239 1217 1193 1305 1551 1138 1426 1115 1648 1637 1296 1822 1637 1917 1217 1091 1625 1800 1521 1849 1128 1859 1863 1235 1513 1675 1592 1750 1842 1606 1840 1516 BCNSPRNW ULIB Ver.6.0+V

เปลี่ยนเป็นภาษาไทย

Change to English
 แสดงรายละเอียดบรรณานุกรม
  กลับหน้าหลัก

Brief Record : Get Marc (ISO 2709) : E-mail record : QR code < ปิดหน้าต่าง
LEADER : 00000nam 2200000uu 4500
001    13399124422
003     ULIB
008    020711s2550 th a 000 0 tha d
020    9789747503166
099    นว.^bน540อ
100    ninaM&ญาณิน
245    อีกมุมมองของความรู้สึก/^cninaM&ญาณิน
250    พิมพ์ครั้งที่ 2
260    กรุงเทพฯ :^bแจ่มใส,^c2550
300    203 หน้า
710    แจ่มใส
945    ^p159^l0^i14057
รายการนี้ยังไม่มีแท็ก
คุณยังไม่ได้ล็อกอิน คุณสามารถมีกิจกรรมร่วมกับเว็บไซต์ได้ แต่ต้องล็อกอินก่อน ::
  ล็อกอิน

รายการสื่อสารสนเทศ

ลำดับที่ ประเภท เลขเรียก/บาร์โค้ด สถานที่ สถานะ
1. นวนิยาย
นวนิยาย
นว. น540อ ฉ.1 
  Barcode: 14057
ห้องสมุดวิทยาเขตนครสวรรค์
►นวนิยาย:l:Fiction
บนชั้น

BibComment


ยังไม่เคยถูกคอมเมนท์

คอมเมนท์ทรัพยากรรายการนี้
  คอมเมนท์: อีกมุมมองของความร..


 Copyright 2026. Bcnsprnw @Library